000 00672nam a2200241Ia 4500
003 OSt
005 20221005092045.0
006 a|||||r|||| 00| 0
007 ta
008 221004b |||||||| |||| 00| 0 eng d
024 _a80803
037 _bGift, 01/01/2005,
_cTextual
040 _aCRL
_cCRL
_beng
041 _2eng
_aeng
082 _aO111,2N24, K2
100 _aBolt Robert
245 0 _aMan for all seasons
_b A play in two acts
260 _aNew York
_bRandon House USA
_c1962
300 _a162p.
_ccm.
650 _aENGLISH LITERATURE
942 _hO111,2N24, K2
_cTEXL
_2cc
999 _c998270
_d998270